Relaciones de la resiliencia con el autoconcepto y el apoyo social percibido en una muestra de adolescentes (Record no. 179698)
[ view plain ]
| 000 -CABECERA | |
|---|---|
| campo de control de longitud fija | 02328nab a2200313 a 4500 |
| 005 - FECHA Y HORA DE LA ÚLTIMA TRANSACCIÓN | |
| campo de control | 20250930140006.0 |
| 008 - ELEMENTOS DE LONGITUD FIJA--INFORMACIÓN GENERAL | |
| campo de control de longitud fija | 991125c2015 sp fr p o 000 0 spa d |
| 035 ## - NÚMERO DE CONTROL DEL SISTEMA | |
| Número de control de sistema | UPN01000207597 |
| 040 ## - FUENTE DE LA CATALOGACIÓN | |
| Centro catalogador/agencia de origen | MX-MxUPN |
| Lengua de catalogación | spa |
| Centro/agencia transcriptor | MX-MxUPN |
| Normas de descripción | aacr2 |
| 049 ## - COLECCIÓN | |
| Colección | ART-E |
| 100 1# - ASIENTO PRINCIPAL--NOMBRE PERSONAL | |
| Nombre de persona | Rodríguez Fernández, Arantzazu |
| 100 1# - ASIENTO PRINCIPAL--NOMBRE PERSONAL | |
| Nombre de persona | Ramos Díaz, Estibaliz |
| 100 1# - ASIENTO PRINCIPAL--NOMBRE PERSONAL | |
| Filiación | estibaliz.ramos@ehu.eus |
| 100 1# - ASIENTO PRINCIPAL--NOMBRE PERSONAL | |
| Nombre de persona | Ros, Iker |
| 100 1# - ASIENTO PRINCIPAL--NOMBRE PERSONAL | |
| Nombre de persona | Fernández Zabala, Arantza |
| 245 10 - MENCIÓN DE TÍTULO | |
| Título | Relaciones de la resiliencia con el autoconcepto y el apoyo social percibido en una muestra de adolescentes |
| 506 0# - NOTA DE RESTRICCIONES AL ACCESO | |
| Limitaciones de acceso | Acceso abierto |
| 520 3# - NOTA DE RESUMEN, ETC. | |
| Sumario, etc. | El estudio científico de la resiliencia constituye en la actualidad una temática de gran interés en el ámbito de la psicología al aportar una renovada y positiva visión del desarrollo humano. Determinar los factores individuales y contextuales que influyen sobre la resiliencia durante la etapa evolutiva de la adolescencia resulta esencial para promover el ajuste de los adolescentes. El objetivo de este trabajo fue, en primer lugar, explorar las relaciones de la resiliencia con el autoconcepto y el apoyo social percibido; y, en segundo lugar, identificar variables predictoras de la resiliencia. La muestra estaba configurada por 1.250 adolescentes (M = 13.72, DT = 1.09). Se administraron los siguientes instrumentos de evaluación: la Escala de Resiliencia de Connor y Davidson (CD-RISC), el Cuestionario Autoconcepto Dimensional (AUDIM), el Cuestionario de Apoyo Social Percibido de Familia y Amigos (AFA) y la Escala de Apoyo del Profesorado (HBSC-2006). Se hallaron correlaciones positivas de la resiliencia con el autoconcepto y el apoyo social percibido, así como una variación significativa en las puntuaciones de ambas variables en función de la resiliencia. El autoconcepto y el apoyo social percibido fueron identificados como predictores de la resiliencia. |
| 650 #2 - ASIENTO SECUNDARIO DE MATERIA - TERMINO TEMATICO | |
| Término de materia o nombre geográfico como elemento de entrada | Resiliencia (Rasgo de la personalidad) |
| 9 (RLIN) | 6115 |
| 650 #2 - ASIENTO SECUNDARIO DE MATERIA - TERMINO TEMATICO | |
| Término de materia o nombre geográfico como elemento de entrada | Autopercepción |
| 9 (RLIN) | 3822 |
| 650 #0 - ASIENTO SECUNDARIO DE MATERIA - TERMINO TEMATICO | |
| Término de materia o nombre geográfico como elemento de entrada | Adolescentes |
| 9 (RLIN) | 1014 |
| 650 #2 - ASIENTO SECUNDARIO DE MATERIA - TERMINO TEMATICO | |
| Término de materia o nombre geográfico como elemento de entrada | Psicología positiva |
| 9 (RLIN) | 14644 |
| 653 0# - TERMINO DE INDIZACION - NO CONTROLADO | |
| Término no controlado | Apoyo social percibido |
| 773 ## - ENLACE AL DOCUMENTO FUENTE/ENTRADA DE REGISTRO ANFITRIÓN | |
| Parte(s) relacionada(s) | Vol. 12, no. 1 (2015), p. 1-14 |
| Título | Acción psicológica |
| Número Internacional Normalizado para Publicaciones Seriadas | 2255-1271 |
| 856 4# - LOCALIZACIÓN Y ACCESO ELECTRÓNICOS | |
| Identificador Uniforme del Recurso | <a href="https://doi.org/10.5944/ap.12.2.14903">https://doi.org/10.5944/ap.12.2.14903</a> |
| 902 ## - ELEMENTOS DE DATOS B LOCAL, LDB (RLIN) | |
| Creó | Gloria Jiménez/300925 |
| 905 ## - TIPO DE MATERIAL | |
| Tipo de material | Articulo |
| 942 ## - ELEMENTOS DE PUNTO DE ACCESO ADICIONAL (KOHA) | |
| Tipo de ítem Koha | Artículo Electrónico |
| Estado de retiro | Estado de pérdida | Estado dañado | No para préstamo | Código de colección | Localización permanente | Ubicación/localización actual | Ubicación en estantería | Fecha de adquisición | Total de préstamos | Fecha visto por última vez | Identificador Uniforme del Recurso | Precio válido a partir de | Tipo de ítem Koha |
|---|---|---|---|---|---|---|---|---|---|---|---|---|---|
| Acceso abierto | Bib. Gregorio Torres Quintero | Bib. Gregorio Torres Quintero | En línea | 30/09/2025 | 30/09/2025 | https://doi.org/10.5944/ap.12.2.14903 | 30/09/2025 | Artículo Electrónico |
